[Event "Preinscritos IRT Online"]
[Site "Chess.com INT"]
[Date "2020.12.26"]
[Round "7"]
[White "Jimenez Gaibor, Octavio"]
[Black "Villagomez Martinez, Heidy Arelys"]
[Result "1-0"]
[WhiteElo "1781"]
[BlackElo "1569"]
[PlyCount "97"]
[EventDate "2020.12.26"]
[EventType "swiss"]
[EventRounds "11"]
[EventCountry "ECU"]
[SourceTitle "CBM 200 Extra"]
[Source "ChessBase"]
[SourceDate "2021.03.31"]
[SourceVersion "1"]
[SourceVersionDate "2021.03.31"]
[SourceQuality "1"]

1. e4 e5 2. Bc4 Bc5 3. Nf3 Nc6 4. d3 d6 5. 0-0 Bg4 6. Bxf7+ Kf8 7. Bxg8 Kxg8 8. h3 Bh5 9. Nc3 Nd4 10. g4 Bg6 11. Nxd4 Bxd4 12. Ne2 Bb6 13. Kg2 Qh4 14. f4 exf4 15. Nxf4 Bf7 16. Qf3 Rf8 17. Ne6 Qe7 18. Nxf8 Kxf8 19. Bg5 Qe6 20. Be3 Bxe3 21. Qxe3 a6 22. Rf3 Ke7 23. Raf1 Rf8 24. Qg5+ Ke8 25. Qxg7 Qxa2 26. R1f2 Qe6 27. Rf6 Qe7 28. Qxh7 d5 29. Rxf7 Rxf7 30. Rxf7 Qxf7 31. Qxf7+ Kxf7 32. exd5 b5 33. Kf3 a5 34. Kf4 b4 35. b3 Kf6 36. h4 Ke7 37. h5 Kd6 38. h6 Kxd5 39. h7 Kd4 40. h8Q+ Kc5 41. Qe5+ Kb6 42. g5 c5 43. g6 Kb5 44. g7 a4 45. bxa4+ Ka5 46. g8Q Kxa4 47. Qa8+ Kb5 48. Qb7+ Ka4 49. Qa1# 1-0

[Event "Preinscritos IRT Online"]
[Site "Chess.com INT"]
[Date "2020.12.26"]
[Round "2"]
[White "Teran Mendez, Jose Gregorio"]
[Black "Jimenez Gaibor, Octavio"]
[Result "0-1"]
[WhiteElo "1177"]
[BlackElo "1781"]
[PlyCount "70"]
[EventDate "2020.12.26"]
[EventType "swiss"]
[EventRounds "11"]
[EventCountry "ECU"]
[SourceTitle "CBM 200 Extra"]
[Source "ChessBase"]
[SourceDate "2021.03.31"]
[SourceVersion "1"]
[SourceVersionDate "2021.03.31"]
[SourceQuality "1"]

1. e4 c6 2. Nf3 d5 3. exd5 cxd5 4. Nc3 d4 5. Nb5 Nc6 6. d3 a6 7. Nc3 dxc3 8. bxc3 Bg4 9. Ng5 Bxd1 10. Kxd1 e6 11. Bf4 Qa5 12. Be2 Qxc3 13. Rb1 b5 14. Ne4 Qd4 15. f3 Nf6 16. Nxf6+ gxf6 17. Rb3 Bc5 18. Bc7 e5 19. Re1 Rg8 20. Bb6 Bxb6 21. g4 0-0-0 22. Rg1 Qxg1+ 23. Kd2 Qxh2 24. Rc3 Kb7 25. a4 Ba5 26. d4 Bxc3+ 27. Kxc3 exd4+ 28. Kd2 d3 29. axb5 axb5 30. cxd3 Nd4 31. Kc3 Nxe2+ 32. Kd2 Nd4+ 33. Kc3 Qc2+ 34. Kb4 Qb3+ 35. Kc5 Rc8+ 0-1